E-learning im Fremdsprachenunterricht der Wirtschaftsuniversität Bratislava

Študenti a elektronické vzdelávanie. Niektoré výsledky poznatkov o implementácii e-learningu do výučby cudzích jazykov. Výskum robili pracovníci rôznych pracovísk Ekonomickej univerzity v Bratislave.

Salvato in:
Dettagli Bibliografici
Autore principale: Seresová, Katarína, 1967-
Altri autori: Pólya, Attila
Natura: Capitolo di libro
Lingua:tedesco
Soggetti:
Tags: Aggiungi Tag
Nessun Tag, puoi essere il primo ad aggiungerne!!

MARC

LEADER 00000naa$a2200000$$$4500
001 0094588
005 20240502083240.3
041 0 |a ger 
044 |a HU 
245 1 0 |a E-learning im Fremdsprachenunterricht der Wirtschaftsuniversität Bratislava  |c Katarína Seresová, Attila Pólya 
520 |a Študenti a elektronické vzdelávanie. Niektoré výsledky poznatkov o implementácii e-learningu do výučby cudzích jazykov. Výskum robili pracovníci rôznych pracovísk Ekonomickej univerzity v Bratislave. 
610 2 0 |a vzdelávanie elektronické 
610 2 0 |a výučba vedecká 
610 2 0 |a jazyky cudzie 
610 2 0 |a dotazníky 
610 2 0 |a Ekonomická univerzita v Bratislave 
100 1 |a Seresová, Katarína, 1967- 
700 1 |a Pólya, Attila